| 000 | 00854nam a2200265Ia 4500 | ||
|---|---|---|---|
| 003 | OSt | ||
| 005 | 20220918171423.0 | ||
| 006 | a|||||r|||| 00| 0 | ||
| 007 | ta | ||
| 008 | 220917b |||||||| |||| 00| 0 eng d | ||
| 020 |
_a9781782382621 (hbk) _c5979 |
||
| 024 | _a289,130 | ||
| 037 |
_b2398, 22/12/2015, Govinda Book House _cTextual |
||
| 040 |
_aARTS _cARTS _beng |
||
| 041 |
_2eng _aeng |
||
| 082 | _aY12:5.58T, Q4 | ||
| 100 |
_aRoche Sophie _936467 |
||
| 245 | 0 |
_aDomesticating youth _b Youth bulges and their socio political implications in Tajikistan |
|
| 260 |
_aNew York _bBerghahn U.S.A. _c2014 |
||
| 300 |
_axx, 271p. _ccm. |
||
| 490 | _aIntegration and conflict studies | ||
| 650 | _aSOCIOLOGY | ||
| 942 |
_hY12:5.58T, Q4 _cTEXL _2CC |
||
| 999 |
_c139502 _d139502 |
||